<?xml version="1.0" encoding="UTF-8"?>
<record
    xmlns:xsi="http://www.w3.org/2001/XMLSchema-instance"
    xsi:schemaLocation="http://www.loc.gov/MARC21/slim http://www.loc.gov/standards/marcxml/schema/MARC21slim.xsd"
    xmlns="http://www.loc.gov/MARC21/slim">

  <leader>00674nam a22002057a 4500</leader>
  <controlfield tag="003">OSt</controlfield>
  <controlfield tag="005">20171017153246.0</controlfield>
  <controlfield tag="008">171017s2016    spca|||  |||| 0|0 0 spa|d</controlfield>
  <datafield tag="020" ind1=" " ind2=" ">
    <subfield code="a">9788461762156</subfield>
  </datafield>
  <datafield tag="040" ind1=" " ind2=" ">
    <subfield code="a">ES-BaCBU</subfield>
    <subfield code="b">cat</subfield>
    <subfield code="c">CDMR</subfield>
  </datafield>
  <datafield tag="100" ind1="1" ind2=" ">
    <subfield code="a">Ayestaran, Mikel,</subfield>
    <subfield code="d">1975-</subfield>
  </datafield>
  <datafield tag="245" ind1="1" ind2="0">
    <subfield code="a">Guerras de ayer y de hoy </subfield>
    <subfield code="c">/ conversaci&#xF3;n entre Mikel Ayestar&#xE1;n y Ram&#xF3;n Lobo ; ilustraciones de Cinta Fosch</subfield>
  </datafield>
  <datafield tag="260" ind1=" " ind2=" ">
    <subfield code="a">Barcelona :</subfield>
    <subfield code="b">Colectivo 5W,</subfield>
    <subfield code="c">2016</subfield>
  </datafield>
  <datafield tag="300" ind1=" " ind2=" ">
    <subfield code="a">138 p. :</subfield>
    <subfield code="b">il. ;</subfield>
    <subfield code="c">16 cm</subfield>
  </datafield>
  <datafield tag="650" ind1=" " ind2="4">
    <subfield code="a">Guerra en els mitjans de comunicaci&#xF3; de massa</subfield>
  </datafield>
  <datafield tag="650" ind1="0" ind2="4">
    <subfield code="a">Corresponsals de guerra</subfield>
    <subfield code="9">2560</subfield>
  </datafield>
  <datafield tag="700" ind1="1" ind2=" ">
    <subfield code="a">Lobo, Ram&#xF3;n,</subfield>
    <subfield code="d">1955-</subfield>
  </datafield>
  <datafield tag="700" ind1="1" ind2=" ">
    <subfield code="a">Fosch, Cinta,</subfield>
    <subfield code="e">il.</subfield>
  </datafield>
  <datafield tag="942" ind1=" " ind2=" ">
    <subfield code="c">MON</subfield>
  </datafield>
  <datafield tag="999" ind1=" " ind2=" ">
    <subfield code="c">7065</subfield>
    <subfield code="d">7065</subfield>
  </datafield>
  <datafield tag="952" ind1=" " ind2=" ">
    <subfield code="0">0</subfield>
    <subfield code="1">0</subfield>
    <subfield code="4">0</subfield>
    <subfield code="7">0</subfield>
    <subfield code="a">CDMR</subfield>
    <subfield code="b">CDMR</subfield>
    <subfield code="d">2017-10-17</subfield>
    <subfield code="e">Donaci&#xF3;</subfield>
    <subfield code="g">11.40</subfield>
    <subfield code="l">11</subfield>
    <subfield code="m">6</subfield>
    <subfield code="o">Dj /90</subfield>
    <subfield code="p">CDMR17101615</subfield>
    <subfield code="r">2022-02-10</subfield>
    <subfield code="s">2022-01-15</subfield>
    <subfield code="v">11.40</subfield>
    <subfield code="w">2017-10-17</subfield>
    <subfield code="y">MON</subfield>
  </datafield>
</record>
